Foundations of comparative politics : (Record no. 27774)
[ view plain ]
| 000 -LEADER | |
|---|---|
| fixed length control field | 03073cam a22003735i 4500 |
| 001 - CONTROL NUMBER | |
| control field | 19001081 |
| 003 - CONTROL NUMBER IDENTIFIER | |
| control field | EG-ScBUE |
| 005 - DATE AND TIME OF LATEST TRANSACTION | |
| control field | 20191203130142.0 |
| 008 - FIXED-LENGTH DATA ELEMENTS--GENERAL INFORMATION | |
| fixed length control field | 160304r20182016enka f b 001 0 eng d |
| 020 ## - INTERNATIONAL STANDARD BOOK NUMBER | |
| International Standard Book Number | 9781107582859 (pbk.) |
| 040 ## - CATALOGING SOURCE | |
| Original cataloging agency | DLC |
| Language of cataloging | eng |
| Transcribing agency | DLC |
| Description conventions | rda |
| Modifying agency | DLC |
| -- | EG-ScBUE |
| 082 04 - DEWEY DECIMAL CLASSIFICATION NUMBER | |
| Classification number | 320.3 |
| Item number | NEW |
| Edition number | 22 |
| 100 1# - MAIN ENTRY--PERSONAL NAME | |
| Personal name | Newton, Kenneth, |
| Dates associated with a name | 1940- |
| Relator term | author. |
| 245 10 - TITLE STATEMENT | |
| Title | Foundations of comparative politics : |
| Remainder of title | democracies of the modern world / |
| Statement of responsibility, etc | Kenneth Newton, Jan W. van Deth. |
| 250 ## - EDITION STATEMENT | |
| Edition statement | Third edition. |
| 250 ## - EDITION STATEMENT | |
| Edition statement | Fourth printing. |
| 264 #1 - PUBLICATION, DISTRIBUTION, ETC. (IMPRINT) | |
| Place of publication, distribution, etc | Cambridge, United Kingdom : |
| Name of publisher, distributor, etc | Cambridge University Press, |
| Date of publication, distribution, etc | 2018. |
| 300 ## - PHYSICAL DESCRIPTION | |
| Extent | xxvii, 438 pages : |
| Other physical details | illustrations ; |
| Dimensions | 26 cm. |
| 336 ## - CONTENT TYPE | |
| Content type term | text |
| Content type code | txt |
| Source | rdacontent |
| 337 ## - MEDIA TYPE | |
| Media type term | unmediated |
| Media type code | n |
| Source | rdamedia |
| 338 ## - CARRIER TYPE | |
| Carrier type term | volume |
| Carrier type code | nc |
| Source | rdacarrier |
| 490 0# - SERIES STATEMENT | |
| Series statement | Cambridge textbooks in comparative politics |
| 500 ## - GENERAL NOTE | |
| General note | Third edition published in 2016. |
| 504 ## - BIBLIOGRAPHY, ETC. NOTE | |
| Bibliography, etc | Includes bibliographical references and index. |
| 505 0# - FORMATTED CONTENTS NOTE | |
| Formatted contents note | Machine generated contents note: Introduction; Part I. The State: Origins and Development: 1. The development of the modern state; 2. States and democracy; 3. Democratic change and persistence; Part II. The Polity: Structures and Institutions: 4. Constitutions; 5. Presidential and parliamentary government; 6. Multi-level government: international, national and sub-national; 7. Policy making and legislating: executives and legislatures; 8. Implementation: the public bureaucracy; Part III. Citizens, Elites and Interest Mediation: 9. Political attitudes and behaviour; 10. Pressure groups and social movements; 11. The mass media; 12. Voters and elections; 13. Party government; Part IV. Policies and Performance: 14. Political ideologies: conservatism, liberalism, Christian democracy and socialism; 15. Decision making; 16. Public spending and public policies; 17. The future of the democratic state; Postscript: how and what to compare?. |
| 520 ## - SUMMARY, ETC. | |
| Summary, etc | "The new edition of this leading overview of comparative politics once again blends theory and evidence across democratic systems to provide unparalleled coverage. The student-friendly structure and clear, concise writing ensure that complex issues are clearly explained and students engage with the key theories. The third edition is updated throughout, with a new chapter, 'Public Spending and Public Policies', increased coverage of defective democracies, and revised coverage of e-democracy and the power of the media. The pedagogy is simplified with a focus on briefings that feature examples and controversies from across the globe, alongside clear key terms, 'What We Have Learned' and 'Lessons of Comparison' sections, and a wealth of online materials to complete a rich teaching and learning package"-- |
| Assigning source | Provided by publisher. |
| 650 #7 - SUBJECT ADDED ENTRY--TOPICAL TERM | |
| Topical term or geographic name as entry element | Democracy. |
| Source of heading or term | BUEsh |
| 650 #7 - SUBJECT ADDED ENTRY--TOPICAL TERM | |
| Topical term or geographic name as entry element | Comparative government. |
| Source of heading or term | BUEsh |
| 650 #7 - SUBJECT ADDED ENTRY--TOPICAL TERM | |
| Topical term or geographic name as entry element | Representative government and representation. |
| Source of heading or term | BUEsh |
| 9 (RLIN) | 28753 |
| 653 ## - INDEX TERM--UNCONTROLLED | |
| Resource For college | MASTER - Political Science |
| -- | BAEPS, Political Science |
| Arrived date list | November2019 |
| 655 ## - INDEX TERM--GENRE/FORM | |
| Form subdivision | Reading book |
| 700 1# - ADDED ENTRY--PERSONAL NAME | |
| Personal name | Deth, Jan W. van, |
| Relator term | author. |
| 942 ## - ADDED ENTRY ELEMENTS (KOHA) | |
| Source of classification or shelving scheme | Dewey Decimal Classification |
| Koha item type | Book - Borrowing |
| Withdrawn status | Lost status | Source of classification or shelving scheme | Damaged status | Not for loan | Collection code | Home library | Current library | Shelving location | Date acquired | Source of acquisition | Cost, normal purchase price | Total Checkouts | Total Renewals | Full call number | Barcode | Date last seen | Date checked out | Cost, replacement price | Price effective from | Koha item type |
|---|---|---|---|---|---|---|---|---|---|---|---|---|---|---|---|---|---|---|---|---|
| Dewey Decimal Classification | Baccah | Central Library | Central Library | First floor | 20/11/2019 | Purchase | 580.00 | 9 | 11 | 320.3 NEW | 000048260 | 15/07/2025 | 01/04/2021 | 725.00 | 20/11/2019 | Book - Borrowing |